Cifras: guías didácticas de matemática moderna: educación preescolar y especial

Saved in:
Bibliografiske detaljer
Main Authors: Rodríguez Moreno, María Luisa (Author), Rodríguez Pérez, Luis (Author)
Format: Bog
Sprog:spansk
Udgivet: Madrid CEPE 1979
Serier:Colección educación especial
Fag:
Tags: Tilføj Tag
Ingen Tags, Vær først til at tagge denne postø!

MARC

LEADER 00000nam a2200000 a 4500
001 UCZ0770
003 CL-VaPUC
008 950809e19790000SP |||||||||||||||||spa|d
082 0 4 |a 372.7  |b ROD  |2 21 
100 0 |a Rodríguez Moreno, María Luisa  |e author  |9 344024 
700 0 |a Rodríguez Pérez, Luis  |e author  |9 344025 
245 1 0 |a Cifras: guías didácticas de matemática moderna: educación preescolar y especial 
300 |a 152 p 
942 |c BK 
945 |d 19950809 00:00:00  |a cmena 
260 |a Madrid  |b CEPE  |c 1979 
650 0 |a Matemáticas  |x Enseñanza  |9 875527 
650 0 |a Educación preescolar  |9 260381 
650 0 |a Educación especial  |9 307486 
650 0 |a Métodos de enseñanza  |9 270413 
650 0 |a Planificación de la educación   |9 307333 
650 7 |a GUIAS  |2 CL-VaPUC  |9 344027 
583 |a last modification  |c 19950809 00:00:00  |k Rodrigo Vera 
490 0 |a Colección educación especial 
999 |c 237676  |d 237674 
952 |0 0  |1 0  |4 0  |6 372_700000000000000_ROD_1979  |7 0  |8 P  |9 247262  |a BIBEDU  |b BIBEDU  |c BIBEDU_PB  |d 2019-11-18  |i 155493K  |o 372.7 ROD 1979  |p 155493K  |r 2024-01-25  |w 2019-11-18  |y BK  |k EDU